Sort the Teams by Location: Pennsylvania Quiz Stats

 Plays Quiz Updated May 29, 2019

Score 0/7 Timer 01:00
1 Play Today
Question Answer Wrong Answers
Phillies Philadelphia
98.9%
Pittsburgh
0.9%
Eagles Philadelphia
98.8%
Pittsburgh
1%
Steelers Pittsburgh
98.7%
Philadelphia
1.1%
76ers Philadelphia
98.5%
Pittsburgh
1.3%
Pirates Pittsburgh
98.4%
Philadelphia
1.4%
Penguins Pittsburgh
97.7%
Philadelphia
2%
Flyers Philadelphia
96.2%
Pittsburgh
3.6%

You're not logged in!

Compare scores with friends on all Sporcle quizzes.
OR
Log In

Sporcle TV

Today on Sporcle TV


Watch our educational content, quiz creation guides, and fun videos on Sporcle TV.

Show Comments

Extras

Top Quizzes Today


Score Distribution

Your Account Isn't Verified!

In order to create a playlist on Sporcle, you need to verify the email address you used during registration. Go to your Sporcle Settings to finish the process.

Report this User

Report this user for behavior that violates our Community Guidelines.

Details: